000 00563nam a2200229Ia 4500
003 OSt
005 20220918175230.0
006 a|||||r|||| 00| 0
007 ta
008 220917b |||||||| |||| 00| 0 eng d
024 _a16,294
037 _cTextual
040 _aARTS
_cARTS
_beng
041 _2eng
_aeng
082 _aO:1xM, G3
100 _aBoas H O B ed
_953382
245 0 _aSelection from the Brownings
260 _c1933
650 _aENGLISH LITERATURE
942 _hO:1xM, G3
_cTEXL
_2CC
999 _c156678
_d156678